| 000 | 00899pam a2200313 i 4500 | ||
|---|---|---|---|
| 999 |
_c114 _d114 |
||
| 001 | 019727540 | ||
| 003 | UkOxU | ||
| 005 | 20190726104934.0 | ||
| 008 | 140326s2014 enkb j 000 1 eng d | ||
| 015 |
_aGBB447497 _2bnb |
||
| 020 | _a9781406355895 (pbk.) : | ||
| 035 | _a(Uk)016708287 | ||
| 040 |
_aStDuBDS _beng _erda _cStDuBDS _dUk |
||
| 042 | _aukblcatcopy | ||
| 082 | 0 | 4 |
_aFIC MAR _223 |
| 100 | 1 |
_aMarchetta, Melina, _d1965- _eauthor. |
|
| 245 | 1 | 0 |
_aFinnikin of the Rock / _cMelina Marchetta. |
| 264 | 1 |
_aLondon : _bWalker Books, _c2014. |
|
| 300 |
_a507 pages : _bmaps ; _c20 cm. |
||
| 336 |
_atext _2rdacontent |
||
| 337 |
_aunmediated _2rdamedia |
||
| 338 |
_avolume _2rdacarrier |
||
| 490 | 0 |
_aThe Lumatere chronicles ; _v1 |
|
| 500 |
_aFormerly CIP. _5Uk |
||
| 655 | 0 | _aFantasy fiction. | |
| 655 | 0 | _aYoung adult fiction. | |
| 942 |
_2ddc _cFIC |
||